000 00308nam a2200121Ia 4500
008 240624s9999 xx 000 0 und d
041 _aeng
082 _a338.9 BER
100 _aBERG VAN DEN
245 _aINTERNATIONAL TRADE AND ECONOMIC GROWTH
260 _c2009
_aNew Delhi
_bPHI Learning
365 _cRS
_b35
999 _c14059
_d14059